000 00505cam a2200205ua 4500
001 8011
008 150105n ii |||gr||||Z||||||hin
020 _a8171245110
040 _cMAIN
041 _ahin
082 _a891.433
100 _aTiwari, R. Ch.,
_eAuthor.
245 1 _aHindi upanyas
_cBy Ram Chandra Tiwari
250 _a1st.
260 _aVaranasi:
_bVishwavidyalaya,
_c2006.
300 _a204p.
653 _aEast Indo-European & Celtic literatures
653 _aHindi novels
942 _cBK
999 _c7129
_d7129